Hacia un teatro pobre / (Registro nro. 67941)
[ vista simple ]
| 000 -LEADER | |
|---|---|
| fixed length control field | 01275aam a2200325 i 4500 |
| 001 - CONTROL NUMBER | |
| control field | 67941 |
| 003 - CONTROL NUMBER IDENTIFIER | |
| control field | Mx-PuUPA |
| 005 - DATE AND TIME OF LATEST TRANSACTION | |
| control field | 20240410104250.0 |
| 008 - FIXED-LENGTH DATA ELEMENTS--GENERAL INFORMATION | |
| fixed length control field | 190319s2016 mx ao|||r|||| 00| 0 spa d |
| 020 ## - INTERNATIONAL STANDARD BOOK NUMBER | |
| International Standard Book Number | 9786070307300 |
| 040 ## - CATALOGING SOURCE | |
| Original cataloging agency | Mx-PuUPA |
| Language of cataloging | spa |
| Transcribing agency | Mx-PuUPA |
| Modifying agency | Mx-PuUPA |
| Description conventions | rda |
| 041 1# - LANGUAGE CODE | |
| Language code of text/sound track or separate title | spa |
| Language code of original | eng |
| 100 1# - MAIN ENTRY--PERSONAL NAME | |
| Personal name | Grotowski, Jerzy, |
| Dates associated with a name | 1933-1999 |
| Relator term | autor |
| 9 (RLIN) | 7161 |
| 240 10 - UNIFORM TITLE | |
| Uniform title | Towards a poor theatre. |
| Language of a work | Español |
| 245 10 - TITLE STATEMENT | |
| Title | Hacia un teatro pobre / |
| Statement of responsibility, etc. | por Jerzy Grotowski ; traducción de Marco Glantz |
| 250 ## - EDITION STATEMENT | |
| Edition statement | Segunda edición |
| 264 #4 - PRODUCTION, PUBLICATION, DISTRIBUTION, MANUFACTURE, AND COPYRIGHT NOTICE | |
| Place of production, publication, distribution, manufacture | México, D.F: |
| Name of producer, publisher, distributor, manufacturer | Siglo xxi editores, |
| Date of production, publication, distribution, manufacture, or copyright notice | 2016 |
| 300 ## - PHYSICAL DESCRIPTION | |
| Extent | viii, 233 páginas, 44 páginas de láminas sin numerar : |
| Other physical details | ilustraciones, fotografías ; |
| Dimensions | 19 cm. |
| 336 ## - CONTENT TYPE | |
| Fuente | rdacontent |
| Content type term | texto |
| Content type code | txt |
| 337 ## - MEDIA TYPE | |
| Source | rdamedia |
| Media type term | sin medio |
| Media type code | n |
| 338 ## - CARRIER TYPE | |
| Source | rdacarrier |
| Carrier type term | volumen |
| Carrier type code | nc |
| 650 #4 - SUBJECT ADDED ENTRY--TOPICAL TERM | |
| Topical term or geographic name entry element | Actuación teatral |
| 650 #4 - SUBJECT ADDED ENTRY--TOPICAL TERM | |
| Topical term or geographic name entry element | Actores |
| General subdivision | Aspectos psicológicos |
| 700 1# - ADDED ENTRY--PERSONAL NAME | |
| Personal name | Glantz, Marco, |
| Relator term | traductor |
| 765 18 - ORIGINAL LANGUAGE ENTRY | |
| Main entry heading | Grotowski, Jerzy, 1933-1999 |
| Place, publisher, and date of publication | Holstebro, Dinamarca : [Editor no identificado], 1968 |
| Title | Towards a poor theatre |
| 942 ## - ADDED ENTRY ELEMENTS (KOHA) | |
| Source of classification or shelving scheme | Dewey Decimal Classification |
| Koha item type | Libro |
| Classification part | 792.028 |
| Item part | G873 |
| Withdrawn status | Lost status | Source of classification or shelving scheme | Damaged status | Not for loan | Collection code | Home library | Current library | Shelving location | Date acquired | Source of acquisition | Cost, normal purchase price | Total Checkouts | Full call number | Barcode | Date last seen | Cost, replacement price | Price effective from | Koha item type |
|---|---|---|---|---|---|---|---|---|---|---|---|---|---|---|---|---|---|---|
| Dewey Decimal Classification | General | Biblioteca Karol Wojtyla | Biblioteca Karol Wojtyla | Sala general | 23/07/2021 | 1 | 224.00 | 792.028 G873 2016 | 99454 | 05/01/2026 | 224.00 | 23/07/2021 | Libro |